00706nam a22002177a 450000500170000001000110001702000100002803500110003803700160004904000120006508200190007710000260009624500450012226000440016727000360021130000200024765000380026794200280030599900190033395201360035220170124110217.0 a185730 c00.00 a185730 bCen Lib/Ret aDPLbEN a629.14353bGAY aGaynor, Frank 939203 aAerospace dictionary /cby Frank Gaynor  aNew York bPhilosophical Libaray c1960 bNew York a15 east 40th street  a260p.c21cm(Hb) aAero space vDictionaries 939204 2ddccENh629.14353mGAY c133895d133895 00104070aLbLd2015-07-28eCen Lib/Retg0.00l1o629.14353 GAYp185730r2018-02-28 00:00:00s2018-02-05t1v0.00w2015-07-28yEN